Statistics for Guess that Childhood Movie #1

Click here to take the quiz!

General Stats

  • This quiz has been taken 127 times
  • The average score is 8 of 15

Answer Stats

HintAnswer% Correct
Kid and Martial ArtsThe Karate Kid
88%
"Where's Kevin?" , IntrudersHome Alone
86%
Dinosaur and Theme parkJurassic Park
84%
Chocolate and Golden ticketWilly Wonka & the Chocolate Factory
80%
Orphan and MusicalAnnie
72%
Magical and Red SlippersThe Wizard of Oz
70%
Curse and Board GameJumanji
67%
Alien and EarthE.T.
50%
Twins and Summer CampThe Parent Trap
48%
Onion and True LoveShrek
41%
Kids and BaseballThe Sandlot
41%
Telekinesis and InelligenceMatilda
27%
"___ Never say die", Adventurous KidsThe Goonies
27%
Mischievous youngsters and "He-Man Womun Haters Club"The Little Rascals
15%
Cartoon Characters and Tv UniverseFat Albert
3%

Score Distribution

Percentile by Number Answered

Percent of People with Each Score

Your Score History

You have not taken this quiz